Fundamentals of Game Design.

Saved in:
Bibliografiske detaljer
Hovedforfatter: Adams, Ernest (Author)
Format: Bog
Udgivet: [United States of America]: New Riders, 2014.
Udgivelse:Third Edition
Serier:Always Learning.
Fag:
Tags: Tilføj Tag
Ingen Tags, Vær først til at tagge denne postø!

MARC

LEADER 00000nam a22000007a 4500
003 CL-VaPUC
005 20250407202502.0
008 250324t2014 ||||| |||| 00| 0 eng d
999 |c 447630  |d 447628 
020 |a 978-0-321-92967-9 
040 |c Pontificia Universidad Católica de Valparaíso 
082 |a 794.8 ADA 2014 
100 |9 897499  |a Adams, Ernest  |e author 
245 |a Fundamentals of Game Design. 
250 |a Third Edition 
260 |a [United States of America]:  |b New Riders,  |c 2014. 
300 |a xiv, 560 páginas:  |b ilustraciones. 
490 |a Always Learning. 
500 |a c.1. Instituto Arcos.08-01-2025. 
583 |c 20250324  |k Gabriela Rodríguez Cuevas 
650 0 |9 858730  |a Videojuegos   |x Diseño  
650 0 |9 895386  |a Videojuegos   |x Programación  
942 |2 ddc  |c BK  |n 0 
952 |0 0  |1 0  |2 ddc  |4 0  |6 794_800000000000000_ADA_2014  |7 0  |8 A  |9 601854  |a BIBINC  |b BIBINC  |d 2025-03-24  |e Instituto Arcos  |i 5666719  |l 1  |o 794.8 ADA 2014  |p 5666719  |r 2025-04-08  |s 2025-04-02  |t 1  |w 2025-03-24  |y BK  |k IFP